Uvedenie výpovedného dôvodu vo výpovedi
Výpoveď zo strany organizácie. Spôsob uvedenia výpovedného dôvodu. Druhy výpovedných dôvodov. Príklad.
Saved in:
| Main Author: | |
|---|---|
| Format: | Book Chapter |
| Language: | Slovak |
| Subjects: | |
| Tags: |
No Tags, Be the first to tag this record!
|
MARC
| LEADER | 00000naa a2200000 4500 | ||
|---|---|---|---|
| 001 | r018525 | ||
| 005 | 20221213100210.3 | ||
| 041 | 0 | |a slo | |
| 044 | |a SK | ||
| 245 | 1 | 0 | |a Uvedenie výpovedného dôvodu vo výpovedi |c M. Petrovaj |
| 520 | |a Výpoveď zo strany organizácie. Spôsob uvedenia výpovedného dôvodu. Druhy výpovedných dôvodov. Príklad. | ||
| 610 | 2 | 0 | |a pomer pracovný |
| 610 | 2 | 0 | |a výpoveď |
| 610 | 2 | 0 | |a skončenie pomeru pracovného |
| 100 | 1 | |a Petrovaj, M. | |